STRUCTURALIZATION AND FUNCTIONALIZATION OF FIBRE-FORMING METALLOCENE POLYPROPYLENE

Podrobná bibliografia
Hlavní autori: Ujhelyiová, A. (Autor), Ryba, J. (Autor), Krištofič, M. (Autor)
Médium: Článok
Jazyk:angličtina

MARC

LEADER 00000nab a2200000uu 4500
001 vtls010900178
003 SK-MaSNL
005 20260303141844.0
008 230222|2008 xo |||||||||||||||||eng|
015 |a SNBRB 
035 |a (urnnbn)urn:nbn:sk:snk:ar-a07klg 
035 |a (uuid)9753900f-fecd-41c5-95fe-b7bc1d06e92a 
035 |a urn:nbn:sk:snk-ab8rys 
040 |a SNKBUCL  |b slo  |c SNKBUCL  |e AACR2 
041 0 |a eng 
044 |a xo  |c SK 
100 1 |a Ujhelyiová, A.  |4 aut  |9 781814 
245 1 0 |a STRUCTURALIZATION AND FUNCTIONALIZATION OF FIBRE-FORMING METALLOCENE POLYPROPYLENE  |c A. Ujhelyiová, J. Ryba, M. Krištofič 
700 1 |a Ryba, J.  |4 aut  |9 781816 
700 1 |a Krištofič, M.  |4 aut  |9 781813 
773 0 |t Vlákna a textil  |g Roč. 15, č. 2-3 (2008), s. 3-8 
958 |a OND 
958 |a EUIPO 
958 |a article10 
999 |c 1979327  |d 1981257